| 000 | 00342nam a2200133Ia 4500 | ||
|---|---|---|---|
| 008 | 240624s9999 xx 000 0 und d | ||
| 041 | _aeng | ||
| 082 | _a368 CAD | ||
| 100 | _aCADONI PAOLO | ||
| 245 | _aINTERNAL MODELS AND SOLVENCY II FROM REG | ||
| 260 |
_c2014 _aLondon _bRisk Books |
||
| 300 | _axxvii, 367 p,: 23 cm. | ||
| 365 |
_cBPS _b20 |
||
| 999 |
_c30983 _d30983 |
||